| 000 | 00887nam a2200265Ia 4500 | ||
|---|---|---|---|
| 003 | OSt | ||
| 005 | 20221005104814.0 | ||
| 006 | a|||||r|||| 00| 0 | ||
| 007 | ta | ||
| 008 | 221004b |||||||| |||| 00| 0 san d | ||
| 020 |
_a9789387195523 (hbk) _cINR 650.00 |
||
| 024 | _a66198 | ||
| 037 |
_b278, 13/01/2020, Eastern Book Linkers _cTextual |
||
| 040 |
_aCRL _cCRL _bsan |
||
| 041 |
_2san _asan |
||
| 082 | _aR, 152Q9 | ||
| 100 | _aजवाहर लाल, ले. | ||
| 245 | 0 | _aजगत् विचार | |
| 246 | _aJagat vichāra | ||
| 260 |
_aदिल्ली _bशिवालिक प्रकाशन भारत _c2019 |
||
| 300 |
_a219पृ0 _ccm. |
||
| 650 | _aदर्शनशास्त्र | ||
| 942 |
_hR, 152Q9 _cTEXL _2cc |
||
| 999 |
_c1013851 _d1013851 |
||